<?xml version="1.0" encoding="UTF-8"?>
<record
    xmlns:xsi="http://www.w3.org/2001/XMLSchema-instance"
    xsi:schemaLocation="http://www.loc.gov/MARC21/slim http://www.loc.gov/standards/marcxml/schema/MARC21slim.xsd"
    xmlns="http://www.loc.gov/MARC21/slim">

  <leader>01361nam a2200313 i 4500</leader>
  <controlfield tag="003">OSt</controlfield>
  <controlfield tag="008">221027s2021    enka   j      000 1 eng d</controlfield>
  <datafield tag="020" ind1=" " ind2=" ">
    <subfield code="a">9780241520727</subfield>
    <subfield code="c">RM29.95</subfield>
    <subfield code="q">paperback</subfield>
  </datafield>
  <datafield tag="040" ind1=" " ind2=" ">
    <subfield code="a">PPAK</subfield>
    <subfield code="b">eng</subfield>
    <subfield code="c">PPAK</subfield>
    <subfield code="e">rda</subfield>
  </datafield>
  <datafield tag="082" ind1="0" ind2="4">
    <subfield code="2">23</subfield>
    <subfield code="a">813.6</subfield>
  </datafield>
  <datafield tag="090" ind1="0" ind2="0">
    <subfield code="a">813.6</subfield>
    <subfield code="b">PAR</subfield>
    <subfield code="d">K</subfield>
  </datafield>
  <datafield tag="100" ind1="1" ind2=" ">
    <subfield code="a">Parsons, Karyn, </subfield>
    <subfield code="d">1968-</subfield>
    <subfield code="e">author.</subfield>
  </datafield>
  <datafield tag="245" ind1="1" ind2="0">
    <subfield code="a">HOW HIGH THE MOON /</subfield>
    <subfield code="c">KARYN PARSONS ; RETOLD BY SAFFRON ALEXANDER ; ILLUSTRATED BY ALLEANNA HARRIS ; SERIES EDITOR : SORRELL PITTS</subfield>
  </datafield>
  <datafield tag="264" ind1=" " ind2="1">
    <subfield code="a">London :</subfield>
    <subfield code="b">Penguin Books, </subfield>
    <subfield code="c">2021</subfield>
  </datafield>
  <datafield tag="300" ind1=" " ind2=" ">
    <subfield code="a">80 pages :</subfield>
    <subfield code="b">illustrations ;</subfield>
    <subfield code="c">20 cm.</subfield>
  </datafield>
  <datafield tag="336" ind1=" " ind2=" ">
    <subfield code="a">text</subfield>
    <subfield code="2">rdacontent</subfield>
  </datafield>
  <datafield tag="337" ind1=" " ind2=" ">
    <subfield code="a">unmediated</subfield>
    <subfield code="2">rdamedia</subfield>
  </datafield>
  <datafield tag="338" ind1=" " ind2=" ">
    <subfield code="a">volume</subfield>
    <subfield code="2">rdacarrier</subfield>
  </datafield>
  <datafield tag="490" ind1="1" ind2=" ">
    <subfield code="a">Penguin Readers :</subfield>
    <subfield code="v">LEVEL 4</subfield>
  </datafield>
  <datafield tag="500" ind1=" " ind2=" ">
    <subfield code="a">Includes questions and excercises</subfield>
  </datafield>
  <datafield tag="520" ind1=" " ind2=" ">
    <subfield code="a">"Ella lives in a small, Southern town in the 1940s. In the USA at this time, black people are treated badly by white people. Ella's mother lives in Boston, but Ella does not know who her father is. When Ella visits her mother, she learns more about herself and the world." -- back cover</subfield>
  </datafield>
  <datafield tag="650" ind1="1" ind2="0">
    <subfield code="a">People and places</subfield>
    <subfield code="v">Juvenile fiction</subfield>
  </datafield>
  <datafield tag="650" ind1="2" ind2="0">
    <subfield code="a">Children's stories, English</subfield>
  </datafield>
  <datafield tag="700" ind1="1" ind2=" ">
    <subfield code="a">Alexander, Saffron,</subfield>
    <subfield code="e">author.</subfield>
  </datafield>
  <datafield tag="700" ind1="1" ind2=" ">
    <subfield code="a">Harris, Alleanna,</subfield>
    <subfield code="e">illustrator.</subfield>
  </datafield>
  <datafield tag="700" ind1="1" ind2=" ">
    <subfield code="a">Pitts, Sorrell,</subfield>
    <subfield code="e">editor.</subfield>
  </datafield>
  <datafield tag="830" ind1=" " ind2="0">
    <subfield code="a">Penguin readers ;</subfield>
    <subfield code="n">Level 4</subfield>
  </datafield>
  <datafield tag="942" ind1=" " ind2=" ">
    <subfield code="2">ddc</subfield>
    <subfield code="c">B</subfield>
  </datafield>
  <datafield tag="999" ind1=" " ind2=" ">
    <subfield code="c">189701</subfield>
    <subfield code="d">189701</subfield>
  </datafield>
  <datafield tag="952" ind1=" " ind2=" ">
    <subfield code="0">0</subfield>
    <subfield code="7">0</subfield>
    <subfield code="b">PPAK</subfield>
    <subfield code="c">K</subfield>
    <subfield code="d">2022-12-13</subfield>
    <subfield code="l">0</subfield>
    <subfield code="o">K 813.6 PAR</subfield>
    <subfield code="p">A01761310</subfield>
    <subfield code="r">2022-12-13 00:00:00</subfield>
    <subfield code="y">B</subfield>
  </datafield>
  <datafield tag="952" ind1=" " ind2=" ">
    <subfield code="0">0</subfield>
    <subfield code="7">0</subfield>
    <subfield code="b">SP</subfield>
    <subfield code="c">K</subfield>
    <subfield code="d">2022-12-13</subfield>
    <subfield code="l">3</subfield>
    <subfield code="o">K 813.6 PAR</subfield>
    <subfield code="p">A01761311</subfield>
    <subfield code="r">2025-08-20 13:23:50</subfield>
    <subfield code="s">2025-08-11</subfield>
    <subfield code="y">B</subfield>
  </datafield>
  <datafield tag="952" ind1=" " ind2=" ">
    <subfield code="0">0</subfield>
    <subfield code="7">0</subfield>
    <subfield code="b">JT</subfield>
    <subfield code="c">K</subfield>
    <subfield code="d">2022-12-13</subfield>
    <subfield code="l">1</subfield>
    <subfield code="o">K 813.6 PAR</subfield>
    <subfield code="p">A01761312</subfield>
    <subfield code="q">2026-06-03</subfield>
    <subfield code="r">2026-05-13 17:31:49</subfield>
    <subfield code="s">2026-05-13</subfield>
    <subfield code="y">B</subfield>
  </datafield>
  <datafield tag="952" ind1=" " ind2=" ">
    <subfield code="0">0</subfield>
    <subfield code="7">0</subfield>
    <subfield code="b">LW</subfield>
    <subfield code="c">K</subfield>
    <subfield code="d">2022-12-13</subfield>
    <subfield code="l">0</subfield>
    <subfield code="o">K 813.6 PAR</subfield>
    <subfield code="p">A01761313</subfield>
    <subfield code="r">2022-12-13 00:00:00</subfield>
    <subfield code="y">B</subfield>
  </datafield>
  <datafield tag="952" ind1=" " ind2=" ">
    <subfield code="0">0</subfield>
    <subfield code="7">0</subfield>
    <subfield code="b">KM</subfield>
    <subfield code="c">K</subfield>
    <subfield code="d">2022-12-13</subfield>
    <subfield code="l">0</subfield>
    <subfield code="o">K 813.6 PAR</subfield>
    <subfield code="p">A01761314</subfield>
    <subfield code="r">2022-12-13 00:00:00</subfield>
    <subfield code="y">B</subfield>
  </datafield>
  <datafield tag="952" ind1=" " ind2=" ">
    <subfield code="0">0</subfield>
    <subfield code="7">0</subfield>
    <subfield code="b">BL</subfield>
    <subfield code="c">K</subfield>
    <subfield code="d">2022-12-13</subfield>
    <subfield code="l">0</subfield>
    <subfield code="o">K 813.6 PAR</subfield>
    <subfield code="p">A01761315</subfield>
    <subfield code="r">2022-12-13 00:00:00</subfield>
    <subfield code="y">B</subfield>
  </datafield>
</record>
